000 00488cam a2200205ua 4500
001 8062
008 160623n1996 II |||gr||||Z||||||eng
040 _aMAIN
041 _aEnglish
082 _a547 BAH
100 _aBAHL, B. S.
245 _aA TEXT BOOK OF ORGANIC CHEMISTRY
250 _a14TH.
260 _aNEW DELHI
_bS.CHAND & COMPANY
_c1996
300 _a746.:
_c24CM.
653 _aOrganic chemistry
700 _aBAHL, B. S.,
_eAuthor.
700 _aBAHL, ARUN.
942 _cBK
999 _c8043
_d8043